Quiz Kdramas - Statistiques

Statistiques générales
  • Ce quiz a été pris 1 344 fois
  • Le résultat moyen est 27 sur 56
Statistiques - réponses
Par images Réponse % Correct
True beauty
96%
Squid game
93%
W
88%
My demon
87%
My name
84%
The glory
82%
All of us are dead
79%
A business proposal
73%
The penthouse
71%
Twenty five twenty one
70%
Vincenzo
70%
Celebrity
67%
Nevertheless
66%
Sweet home
65%
Weak hero class
65%
Mr.plankton
63%
Mask girl
62%
It's okay to not be okay
58%
Twinkling watermelon
56%
Lovely runner
55%
Hierarchy
54%
Alchemy of souls
52%
Bloodhounds
52%
Queen of tears
52%
Eve
51%
Love next door
47%
Extraordinary you
46%
King the land
45%
Revenge of others
45%
Descendants of the sun
42%
Marry my husband
41%
Happiness
40%
What's wrong with secretary kim
39%
Pyramid game
37%
Save me
37%
When the phone rings
37%
Crash landing on you
36%
Doom at your service
36%
Night has come
35%
Extraordinary attorney woo
32%
Weightlifting fairy kim bok joo
32%
Strong woman do bong soon
30%
Vagabond
30%
Big mouth
29%
Death's game
25%
Extracurricular
24%
A good day to be a dog
23%
Destined with you
23%
Strangers from hell
23%
Moving
21%
My lovely liar
19%
Tale of the nine tailed
19%
I'm not a robot
18%
The judge from hell
15%
While you were sleeping
14%
The escape of the seven
12%
Aucun quiz correspondant
Distribution des résultats
% des personnes avec chaque résultat
Percentile par nombre de réponses
Votre historique - résultats
Vous n’avez pas pris ce quiz